rio romeo songs alphabet - Statistics

General Stats
  • This quiz has been taken 4 times
  • The average score is 10 of 18
Answer Stats
Hint Answer % Correct
N Nothing's New
100%
O Orchard Of One / Over & Over
100%
Numbers 3000 Miles
50%
A All Mine / Absence
50%
B Bet / Butch 4 Butch / Baby Bipolar
50%
C California
50%
D Driving Home Homeless / Dyltgir?
50%
E Everyday I Get More Gay
50%
F F__k It / Fast / F__k The Supreme Court
50%
G God's Got Something Out For Me / Golddigging Anthem / Gay Jokes
50%
H Hetero Heaven / Him And Her
50%
I Interlude / I Might Be The Problem / Inarticulation
50%
J JOHNNYSCOTT
50%
M Missus Piano
50%
S Small Towns / Soft B___h
50%
T Twice
50%
W Without You
50%
L Let's Be Frank
0%
No matching quizzes found
Score Distribution
Percent of People with Each Score
Percentile by Number Answered
Your Score History
You have not taken this quiz